Ihya Ulumiddin 1
| Main Author: | |
|---|---|
| Format: | Book |
| Published: |
Singapura :
Pustaka Nasional ,
1992
|
| Subjects: |
MARC
| LEADER | 00000cam a2200000 7i4500 | ||
|---|---|---|---|
| 001 | 0000004554 | ||
| 002 | 000004910 | ||
| 005 | 20000330.0 | ||
| 020 | |a 9971772442 | ||
| 090 | 0 | 0 | |a 297.07 |b INA |
| 100 | 0 | |a Imam Ghazali | |
| 245 | 1 | 0 | |a Ihya Ulumiddin 1 |c Imam Ghazali |
| 260 | |a Singapura : |b Pustaka Nasional , |c 1992 | ||
| 300 | |a 1208p. ; |c 22cm. | ||
| 650 | 0 | 0 | |a Islam |x Study and teaching |
| 999 | |a 034635 |b BUKU |c RUJUKAN |e PERPUSTAKAAN KOMUNITI PETALING JAYA | ||